000 01725cam a2200349 i 4500
999 _c17219
_d17219
001 20706716
003 OSt
005 20220826151920.0
008 181011s2020 ilua b 001 0 eng c
010 _a 2018041787
020 _a9781492571254 (print)
040 _aLBSOR/DLC
_beng
_cLBSOR
_erda
_dDLC
042 _apcc
050 0 0 _aGV1782.5
_b.S64 2020
082 0 0 _aDC 792.82
_22020
_bSo23
100 1 _aSofras, Pamela,
_eauthor.
_945765
245 1 0 _aDance composition basics /
_cPamela Anderson Sofras.
250 _aSecond edition.
264 1 _aChampaign, IL :
_bHuman Kinetics,
_c[2020]
300 _axvii, 156 pages :
_billustrations ;
_c28 cm
336 _atext
_2rdacontent
337 _aunmediated
_2rdamedia
338 _avolume
_2rdacarrier
504 _aIncludes bibliographical references and index.
505 0 _aThe body: exploring the ways we move -- Space: exploring the expanse we move in -- Time: exploring tempo -- Energy: force generating movement -- Choreographic devices: creating finished compositions
520 _a"Designed for beginning college-level dance composition courses and dance courses at the middle and high school levels, this textbook and its ancillaries highlight selected portions of original dance compositions by two famous choreographers"--
_cProvided by publisher.
650 0 _aChoreography
_vTextbooks.
_945766
776 0 8 _iOnline version:
_aSofras, Pamela, author.
_tDance composition basics
_bSecond edition.
_dChampaign, IL : Human Kinetics, [2020]
_z9781492589815
_w(DLC) 2018049963
906 _a7
_bcbc
_corignew
_d1
_eecip
_f20
_gy-gencatlg
942 _2ddc
_cDC